Top 30 Chess Countries in the World - Statistics

General Stats
  • This quiz has been taken 74 times
  • The average score is 24 of 30
Answer Stats
Ranking Country % Correct
19 England
100%
3 Russia
100%
4 China
99%
2 India
99%
1 United States
97%
7 France
96%
9 Spain
91%
5 Ukraine
91%
10 Germany
87%
13 Romania
87%
25 Turkiye
87%
29 Italy
86%
14 Norway
86%
12 Poland
84%
27 Bulgaria
80%
21 Croatia
80%
22 Greece
80%
20 Czech Republic
79%
11 Netherlands
79%
16 Hungary
77%
8 Armenia
74%
6 Azerbaijan
74%
17 Serbia
73%
26 Georgia
71%
24 Iran
71%
15 Israel
71%
23 Argentina
63%
18 Uzbekistan
59%
30 Cuba
54%
28 Peru
33%
No matching quizzes found
Score Distribution
Percent of People with Each Score
Percentile by Number Answered
Your Score History
You have not taken this quiz